Diccionario mapuche-español

Shranjeno v:
Bibliografske podrobnosti
Glavni avtor: Augusta, Félix José de (autor)
Format: Knjiga
Jezik:španščina
Izdano: Santiago Séneca 1989
Teme:
Oznake: Označite
Brez oznak, prvi označite!

MARC

LEADER 00000nam a2200000 a 4500
001 UCV8228
003 CL-VaPUC
008 901122e19890000CL |||||||||||||||||spa|d
082 0 4 |a 498.361  |b AUG  |2 21 
100 |a Augusta, Félix José de  |e autor  |9 302298 
245 1 0 |a Diccionario mapuche-español 
300 |a 304 p 
942 |c BK 
945 |d 19901122 00:00:00 
260 |a Santiago  |b Séneca  |c 1989 
650 0 |a Mapudungun   |v Diccionarios   |9 266281 
650 0 |a Español  |9 255372 
583 |a last modification  |c 19901122 00:00:00  |k Rodrigo Vera 
999 |c 213775  |d 213773 
952 |0 0  |1 0  |4 0  |6 498_361000000000000_AUG_1989  |7 0  |8 F  |9 196495  |a BIBARQ  |b BIBARQ  |d 2019-11-14  |i 2643863  |o 498.361 AUG 1989  |p 2643863  |r 2025-01-20  |w 2019-11-14  |y BK_F  |k ARQ